000 00395nam a2200121Ia 4500
008 160712s9999 xx 000 0 und d
100 _aConstantino, Renato.
245 _cRenato Constantino
_aIntelektuwalismo at Wika
260 _c2015
_bDaluyan: Journal ng Wikang Filipino
300 _a no. 1
650 _xFILIPINO
856 _uhttp://journals.upd.edu.ph/index.php/djwf/issue/view/529/showToc
999 _c297028
_d297028